000 002940000a22000970004500
100 1 _aWeston, Paul
245 1 0 _aPathways to faith : Reflections on congreagtional evangelism
300 _aVol. 16, Num. 1 (1998), Páginas 45-57
773 0 _tScottish Bulletin of Evangelical Theology
942 _cANA
999 _c55747
_d55747